Maximum security

Bibliographic Details
Format: Book
Published: Indianapolis : Sams publishing , 2001
Edition:3rd ed.
Subjects:

MARC

LEADER 00000cam a2200000 7i4500
001 0000011217
005 20030818.0
020 |a 0672318717 
040 |a INS 
090 0 0 |a QA76.9.A25   |b M39 2001 
245 1 0 |a Maximum security 
250 |a 3rd ed. 
260 |a Indianapolis :   |b Sams publishing ,   |c 2001 
300 |a xxiii :   |b 861p ;   |c 22cm. 
650 0 0 |a Computer networks 
650 0 0 |a Internet (computer network) 
650 0 0 |a Security measures 
999 |a 0000010788   |b BOOK   |c Open Shelf   |e Default branch